A study of land capability in the Shire of Buninyong /

Salvato in:
Dettagli Bibliografici
Autore principale: Jeffrey, P. J.
Natura: Libro
Lingua:English
Pubblicazione: Kew, Vic. : Soil Conservation Authority, 1980.
Soggetti:
LEADER 01085nam a2200289 a 4500
001 c000182614
003 CARM
005 20050422171354.0
008 810814s1980 at ab b 000 0 eng d
019 1 |a 2555067  |z 2575695  |5 LACONCORD2021 
035 |a (OCoLC)220203283  |5 LACONCORD2021 
040 |a VCAV  |b eng  |c VCAV  |d DBM:B 
042 |a anuc 
043 |a u-at-vi 
082 0 4 |a 333.73/09945 
100 1 |a Jeffrey, P. J. 
245 1 2 |a A study of land capability in the Shire of Buninyong /  |c prepared by P.J. Jeffrey. 
260 |a Kew, Vic. :  |b Soil Conservation Authority,  |c 1980. 
300 |a ix, 70 p. :  |b ill., maps ;  |c 30 cm. 
500 |a Five maps in pocket at back. 
504 |a Bibliography: p.70. 
650 0 |a Land use  |z Victoria  |z Buninyong (Shire) 
650 0 |a Soils  |z Victoria  |z Buninyong (Shire) 
651 0 |a Buninyong (Vic. : Shire) 
852 8 |b CARM  |h A1:AR34F0  |i D07788  |p 0249757  |f BK 
999 f f |i b70dda94-4be2-5ac8-a0b2-cdc6e20d80b4  |s cbaa5171-92c7-5070-8689-eded03fc1ee3 
952 f f |p Can circulate  |a CAVAL  |b CAVAL  |c CAVAL  |d CARM 1 Store  |e D07788  |f A1:AR34F0  |h Other scheme  |i book  |m 0249757